| 000 | 00580nam a2200145 i 4500 | ||
|---|---|---|---|
| 001 | 168285 | ||
| 003 | ES-MaACL | ||
| 005 | 20230906213733.0 | ||
| 008 | 080227q1863 fr |||| | fre d | ||
| 245 | 0 | 0 |
_aLivret explicatif des ouvrages de peinture, sculpture, dessin, gravure, etc. admis a l'Exposition de la Société Artistique de Bayonne, fondée en 1862 _b: deuxième exposition 1863. |
| 260 |
_aBayonne : _b[s.n., _c1863?] ( _fImpr. Veuve Lamaignère) |
||
| 300 |
_aXV, 38 p. ; _c15 cm. |
||
| 711 | 2 |
_aSociété Artistique de Bayonne. _9137424 |
|
| 852 |
_aES-MaACL _jT-211-F-4 |
||
| 999 |
_c168285 _d168285 |
||